|
|
|
|
| LEADER |
00000nab a2200000 a 4500 |
| 001 |
vtls010073283 |
| 003 |
SK-MaSNL |
| 005 |
20260426095711.0 |
| 008 |
250708c2008 xo qr|p|||||||000 b|slo |
| 015 |
|
|
|a SNBRB2009/01
|2 snkbucl
|
| 035 |
|
|
|a (uuid)24d370d7-8e0d-41bc-be6d-6e2bed1602c2
|
| 035 |
|
|
|a urn:nbn:sk:snk-ab9pop
|
| 035 |
|
|
|a (urnnbn)urn:nbn:sk:snk:ar-a08o04
|
| 038 |
|
|
|a SNKBUCL
|
| 040 |
|
|
|a SNKBUCL
|b slo
|c SNKBUCL
|e AACR2
|
| 041 |
0 |
|
|a slo
|b eng
|
| 044 |
|
|
|a xo
|c SK
|
| 080 |
|
|
|a 338.48:005.6
|x (437.6)
|2 2001
|
| 080 |
|
|
|a 658.56
|x (437.6)
|2 2001
|
| 100 |
1 |
|
|a Holúbeková, Katarína
|4 aut
|9 324086
|
| 245 |
1 |
0 |
|a Zavádzanie systému kvality v strediskách cestovného ruchu Slovenskej republiky z hľadiska predstaviteľov praxe
|c Katarína Holúbeková
|
| 246 |
3 |
1 |
|a Practitioners attitude towards quality system implementation in Slovak destinations
|
| 300 |
|
|
|b Tab.
|
| 500 |
|
|
|a Pozn. pod čiarou
|
| 504 |
|
|
|a Bibliogr. odkazy
|
| 546 |
|
|
|a Súbežný názov angl. ; res. angl.
|
| 650 |
0 |
7 |
|a strediská cestovného ruchu
|2 snkbucl
|9 15283
|
| 650 |
0 |
7 |
|a služby cestovného ruchu
|2 snkbucl
|9 351936
|
| 650 |
0 |
7 |
|a kvalita
|2 snkbucl
|9 1150
|
| 650 |
0 |
7 |
|a systémy manažérstva kvality
|2 snkbucl
|9 123577
|
| 651 |
|
7 |
|a Slovensko
|2 snkbucl
|9 14231
|
| 773 |
0 |
|
|t Ekonomická revue cestovného ruchu
|g Roč. 41, č. 4 (2008), s. 209-221
|x 0139-8660
|
| 850 |
|
|
|a Slovenská národná knižnica
|
| 852 |
|
|
|a Slovenská národná knižnica
|
| 954 |
|
|
|a odborná, vedecká literatúra pôvodná (slovenská)
|2 lita
|
| 958 |
|
|
|a article13
|
| 958 |
|
|
|a OND
|
| 958 |
|
|
|a NB
|
| 958 |
|
|
|a SK
|
| 958 |
|
|
|a EUIPO
|
| 999 |
|
|
|c 3173598
|d 3175528
|